Conocer el mundo : enciclopedia salvat de todos los países :

Guardado en:
Formato: Libro
Publicado: Pamplona : Salvat, 1975
Materias:
Etiquetas: Agregar Etiqueta
Sin Etiquetas, Sea el primero en etiquetar este registro!
LEADER 00562nam a22001695a 4500
001 CEM.cems012809
005 20080401103223.0
008 130507s1975##################000#0#####d
003 CEMS
020 |a 8471374420 
082 0 4 |a C910 
245 0 0 |a Conocer el mundo :  |b enciclopedia salvat de todos los países : 
260 |a Pamplona :  |b Salvat,  |c 1975 
505 0 |a Europa -- Francia -- Mónaco -- Bélgica -- Países Bajos -- Luxemburgo -- Austria 
653 |a Geografía 
653 |a Geografía general 
859 |a CEMS  |b BIB. CEMS - 11 de abril  |h C910  |i Sa38  |p 25024.08  |t Ej.1  |v I  |3 I